[Event "Lausanne op"]
[Site "Lausanne"]
[Date "2003.??.??"]
[Round "2"]
[White "Robert, Antonin"]
[Black "Gallagher, Joseph G"]
[Result "0-1"]
[WhiteElo "2259"]
[BlackElo "2526"]
[PlyCount "92"]
[EventDate "2003.05.??"]
[EventType "swiss"]
[EventRounds "7"]
[EventCountry "SUI"]
[SourceTitle "EXT 2005"]
[Source "ChessBase"]
[SourceDate "2004.11.15"]
[SourceVersion "1"]
[SourceVersionDate "2004.11.15"]
[SourceQuality "1"]

1. g3 g6 2. Bg2 Bg7 3. Nf3 d6 4. d4 Nf6 5. 0-0 0-0 6. c3 Nbd7 7. Nbd2 e5 8. dxe5 dxe5 9. e4 b6 10. Qe2 Qe7 11. Rd1 a5 12. h3 Nc5 13. Ne1 Ba6 14. c4 a4 15. Nf1 Qe6 16. Ne3 c6 17. Qc2 Bb7 18. Bd2 Rfe8 19. b4 axb3 20. axb3 Qc8 21. Bc3 Rxa1 22. Bxa1 Qc7 23. Bc3 Ne6 24. Qb2 Nd4 25. Nd3 c5 26. Nd5 Nxd5 27. cxd5 f5 28. f3 Rf8 29. Rf1 Ba6 30. Bxd4 exd4 31. Rd1 Qxg3 32. Qf2 Qd6 33. Qa2 Bxd3 34. Rxd3 Bh6 35. b4 Be3+ 36. Kh1 fxe4 37. bxc5 bxc5 38. fxe4 Qg3 39. d6+ Kg7 40. Rxe3 dxe3 41. Qb2+ Kh6 42. d7 Rf2 43. Qxf2 Qxf2 44. d8Q e2 45. Qd2+ Kh5 46. Qd5+ Kh4 0-1

[Event "St Chely d'Aubrac op 2nd"]
[Site "St Chely d'Aubrac"]
[Date "2002.06.27"]
[Round "1"]
[White "Boudre, Jean Pierre"]
[Black "Robert, Antonin"]
[Result "1-0"]
[WhiteElo "2398"]
[BlackElo "2254"]
[PlyCount "91"]
[EventDate "2002.06.27"]
[EventType "swiss"]
[EventRounds "7"]
[EventCountry "FRA"]
[SourceTitle "CBM 089 Extra"]
[Source "ChessBase"]
[SourceDate "2002.09.10"]
[SourceVersion "2"]
[SourceVersionDate "2002.09.10"]
[SourceQuality "1"]

1. d4 g6 2. e4 Bg7 3. Nf3 d6 4. Bc4 Nf6 5. Qe2 0-0 6. e5 dxe5 7. dxe5 Nd5 8. h3 c6 9. 0-0 e6 10. a4 a5 11. Re1 Nd7 12. Nbd2 Qc7 13. Nf1 N7b6 14. Bd3 Nb4 15. Be4 N4d5 16. Bd3 Re8 17. N1h2 Nb4 18. Ng4 Nxd3 19. Qxd3 Nd5 20. Bh6 Rd8 21. Bxg7 Kxg7 22. Qd2 Kf8 23. Rad1 Bd7 24. Qh6+ Ke7 25. Qh4+ Kf8 26. Qxh7 Be8 27. Ng5 Ke7 28. Qh4 Kd7 29. c4 Kc8 30. cxd5 exd5 31. e6 f5 32. Ne5 Kb8 33. e7 Rc8 34. Ne6 Qd6 35. Nc4 Qb4 36. Qf4+ Ka7 37. Qe3+ c5 38. Nd6 d4 39. Nxc8+ Rxc8 40. Nxd4 cxd4 41. Rxd4 Qc5 42. Rd8 Qxe3 43. Rxe3 Rc1+ 44. Kh2 Bxa4 45. e8Q Bxe8 46. Rdxe8 1-0

[Event "SUI-chT"]
[Site "Switzerland"]
[Date "2000.??.??"]
[Round "?"]
[White "Robert, Antonin"]
[Black "Aranovitch, Emiliano"]
[Result "1-0"]
[WhiteElo "2251"]
[BlackElo "2169"]
[PlyCount "63"]
[EventDate "2000.02.??"]
[EventType "team-tourn"]
[EventRounds "9"]
[EventCountry "SUI"]
[SourceTitle "EXT 2001"]
[Source "ChessBase"]
[SourceDate "2000.11.22"]
[SourceVersion "1"]
[SourceVersionDate "2000.11.22"]
[SourceQuality "1"]

1. d4 d6 2. Nf3 Bg4 3. c4 Nd7 4. Nc3 e5 5. d5 Be7 6. e4 Bxf3 7. Qxf3 Bg5 8. Qg3 Bxc1 9. Rxc1 g6 10. Be2 Ngf6 11. h4 h5 12. Qg5 Nc5 13. f3 a5 14. b3 c6 15. Qe3 Qb6 16. Rd1 cxd5 17. Nxd5 Nxd5 18. Rxd5 a4 19. 0-0 axb3 20. axb3 Ra3 21. Bd1 0-0 22. f4 exf4 23. Rxf4 Ra1 24. Kh2 Qc7 25. Rf6 Qe7 26. Qg5 Qxe4 27. Bxh5 Ne6 28. Qg3 Kg7 29. Rdf5 Qe1 30. Rxf7+ Rxf7 31. Qxg6+ Kh8 32. Qh6+ 1-0

[Event "SUI-chT"]
[Site "Switzerland"]
[Date "1998.10.24"]
[Round "6.7"]
[White "Robert, Antonin"]
[Black "Atlas, Valeri"]
[Result "1-0"]
[WhiteElo "2230"]
[BlackElo "2465"]
[PlyCount "45"]
[EventDate "1998.03.29"]
[EventType "team-tourn"]
[EventRounds "9"]
[EventCountry "SUI"]
[SourceTitle "EXT 2006"]
[Source "ChessBase"]
[SourceDate "2005.11.24"]
[SourceVersion "1"]
[SourceVersionDate "2005.11.24"]
[SourceQuality "1"]

1. d4 Nf6 2. Nf3 e6 3. e3 b6 4. Bd3 Bb7 5. 0-0 Be7 6. c4 0-0 7. Nc3 d5 8. b3 Nbd7 9. Bb2 Ne4 10. Rc1 Ndf6 11. Qe2 Nxc3 12. Rxc3 Ne4 13. Rcc1 Bd6 14. Rfd1 Qe7 15. Qc2 a6 16. c5 bxc5 17. dxc5 Nxc5 18. Bxh7+ Kh8 19. h4 e5 20. Bf5 e4 21. Ng5 Nd3 22. Qe2 Bh2+ 23. Kf1 1-0

[Event "SUI-chT"]
[Site "Switzerland"]
[Date "1995.??.??"]
[Round "2"]
[White "Robert, Antonin"]
[Black "Lurje, Pawel"]
[Result "0-1"]
[WhiteElo "2245"]
[BlackElo "2215"]
[PlyCount "138"]
[EventDate "1995.??.??"]
[EventType "team-tourn"]
[EventRounds "9"]
[EventCountry "SUI"]
[SourceTitle "CBM 049 Extra"]
[Source "ChessBase"]
[SourceDate "1996.01.01"]
[SourceVersion "1"]
[SourceVersionDate "1996.01.01"]
[SourceQuality "1"]

1. d4 Nf6 2. Nf3 g6 3. c4 Bg7 4. g3 0-0 5. Bg2 d6 6. 0-0 Nbd7 7. Qc2 e5 8. dxe5 dxe5 9. e4 Qe7 10. h3 Nc5 11. Nc3 c6 12. Be3 a5 13. Rfd1 Nfd7 14. Rac1 Re8 15. Kh2 Nf8 16. Na4 Nxa4 17. Qxa4 Qb4 18. Qc2 a4 19. c5 Qa5 20. Bf1 Be6 21. Bc4 Qb4 22. a3 Qxc4 23. Qxc4 Bxc4 24. Rxc4 Re7 25. Kg2 Ne6 26. Rc2 f6 27. Rc4 Kf7 28. Rc2 Bf8 29. Rc4 Rc7 30. Ne1 Ke8 31. f4 exf4 32. gxf4 Ra5 33. Rdc1 Rb5 34. R1c2 Bh6 35. Kf3 Rb3 36. R2c3 Rxb2 37. Rxa4 Rd7 38. Nd3 Rb1 39. Ra8+ Kf7 40. f5 Ng5+ 41. Bxg5 Bxg5 42. Nf2 Rb2 43. Nd3 Rb1 44. Nf2 Rb5 45. Rd3 Re7 46. Rh8 Kg7 47. Rdd8 Rb3+ 48. Kg2 gxf5 49. exf5 Kh6 50. Ng4+ Kh5 51. Rde8 Rd7 52. Rd8 Rxd8 53. Rxd8 Kh4 54. Nf2 Rg3+ 55. Kf1 Rf3 56. Rd4+ Kh5 57. Rd7 Rxf5 58. Ke2 Kg6 59. Rxb7 Rxc5 60. Kd3 Rd5+ 61. Kc4 Be3 62. Nd3 Rd4+ 63. Kc3 Rh4 64. Rc7 c5 65. Rc6 Rxh3 66. a4 Bd4+ 67. Kc4 Rh2 68. Nxc5 Bxc5 69. Kxc5 Rc2+ 0-1

[Event "SUI-chT"]
[Site "Switzerland"]
[Date "1994.??.??"]
[Round "9"]
[White "Zuelle, Bruno"]
[Black "Robert, Antonin"]
[Result "0-1"]
[WhiteElo "2035"]
[BlackElo "2220"]
[PlyCount "170"]
[EventDate "1994.??.??"]
[EventType "team-tourn"]
[EventRounds "9"]
[EventCountry "SUI"]
[SourceTitle "EXT 2000"]
[Source "ChessBase"]
[SourceDate "1999.11.16"]
[SourceVersion "1"]
[SourceVersionDate "1999.11.16"]
[SourceQuality "1"]

1. c4 c6 2. Nf3 d5 3. b3 Nf6 4. g3 g6 5. Bb2 Bg7 6. d3 0-0 7. Bg2 Qb6 8. Qc2 Bg4 9. Nbd2 Nbd7 10. 0-0 Bxf3 11. Nxf3 e6 12. e3 h6 13. Ne5 Nxe5 14. Bxe5 Ne8 15. Bxg7 Nxg7 16. Rac1 Rfe8 17. cxd5 exd5 18. d4 Nf5 19. Rfe1 Re7 20. Bf1 Rae8 21. Qc3 h5 22. Bd3 Nd6 23. Qc5 Re6 24. Qxb6 axb6 25. a4 Ra8 26. Rc2 f5 27. h4 Kf7 28. Kg2 Ke7 29. Ra1 Kd7 30. Kf3 Ne4 31. Bxe4 fxe4+ 32. Ke2 Rf6 33. Rg1 Raf8 34. Rg2 Ke6 35. Rc1 Kf5 36. Rcg1 Kg4 37. Rh2 Ra8 38. Ra1 Rff8 39. Rhh1 Ra5 40. b4 Ra7 41. Ra2 Rfa8 42. Rha1 Kf5 43. Kd2 g5 44. hxg5 Kxg5 45. Kc3 Rh8 46. Kb3 Rf8 47. Rc1 Rf6 48. Rd2 Ra8 49. b5 Raf8 50. bxc6 bxc6 51. Rdc2 Rxf2 52. Rxc6 R8f6 53. Rc8 Kg4 54. Rg8+ Kf3 55. Rg5 Kxe3 56. Rxd5 Rd2 57. Re1+ Re2 58. Rxe2+ Kxe2 59. Rxh5 Kd3 60. d5 e3 61. Re5 e2 62. Kb4 Rg6 63. Kb5 Kd2 64. a5 bxa5 65. Kxa5 Rg5 66. Rxg5 e1Q 67. d6 Qe6 68. Rb5 Qxd6 69. g4 Qc7+ 70. Ka4 Qa7+ 71. Kb3 Qe3+ 72. Ka4 Qe4+ 73. Rb4 Qa8+ 74. Kb3 Kd3 75. Kb2 Qa5 76. Rb3+ Kd2 77. Ra3 Qb4+ 78. Rb3 Qxg4 79. Ra3 Qc4 80. Rb3 Qa4 81. Ra3 Qc2+ 82. Ka1 Kc1 83. Rb3 Qc5 84. Ka2 Qd5 85. Ka3 Qa5# 0-1

[Event "Bern op"]
[Site "Bern"]
[Date "1993.??.??"]
[Round "2"]
[White "Robert, Antonin"]
[Black "Flear, Glenn C"]
[Result "0-1"]
[WhiteElo "2240"]
[BlackElo "2510"]
[PlyCount "66"]
[EventDate "1993.02.??"]
[EventType "swiss"]
[EventRounds "9"]
[EventCountry "SUI"]
[SourceTitle "TD"]
[Source "ChessBase"]
[SourceDate "1994.03.01"]
[SourceVersion "1"]
[SourceVersionDate "1994.03.01"]
[SourceQuality "1"]

1. d4 d5 2. c4 Bf5 3. Nc3 e6 4. Nf3 c6 5. cxd5 exd5 6. Bf4 Qb6 7. Qc1 Be7 8. e3 Nd7 9. Be2 Ngf6 10. 0-0 0-0 11. h3 Rfe8 12. a3 a5 13. Rd1 a4 14. Nh4 Be6 15. Bd3 Ne4 16. Nf3 Bf5 17. Qc2 Nxc3 18. Bxf5 Nxd1 19. Bxd7 Nxb2 20. Bxe8 Rxe8 21. Ne5 Qb3 22. Qf5 Rf8 23. Nd7 Re8 24. Ne5 Rf8 25. Nd7 Qd3 26. Qe5 Re8 27. Nc5 Qc3 28. Rb1 Qc2 29. Rxb2 Qxb2 30. Bg5 b6 31. Nd7 Qc1+ 32. Kh2 Qxa3 33. Nxb6 Bd6 0-1

[Event "Biel-C"]
[Site "Biel"]
[Date "1990.??.??"]
[Round "7"]
[White "Robert, Antonin"]
[Black "Ambroz, Jan"]
[Result "0-1"]
[WhiteElo "2225"]
[BlackElo "2420"]
[PlyCount "74"]
[EventDate "1990.07.??"]
[EventType "swiss"]
[EventRounds "11"]
[EventCountry "SUI"]
[SourceTitle "EXT 1997"]
[Source "ChessBase"]
[SourceDate "1996.11.15"]
[SourceVersion "1"]
[SourceVersionDate "1996.11.15"]
[SourceQuality "1"]

1. d4 Nf6 2. Nf3 e6 3. c4 b6 4. e3 Bb4+ 5. Nbd2 Bb7 6. Bd3 0-0 7. 0-0 c5 8. a3 Bxd2 9. Bxd2 d6 10. Bc3 Nbd7 11. Qe2 Qc7 12. e4 cxd4 13. Nxd4 Ne5 14. Nb5 Qc6 15. Rad1 a6 16. Nd4 Qc7 17. Nb3 Nxd3 18. Bxf6 Nf4 19. Qg4 Ng6 20. Bc3 Qxc4 21. Nd2 Qc6 22. Rfe1 Rad8 23. Nf3 e5 24. Nh4 Nxh4 25. Qxh4 Rde8 26. f4 f5 27. Bb4 Rf6 28. Rc1 Qd7 29. fxe5 dxe5 30. Red1 Qf7 31. exf5 e4 32. g4 e3 33. Qg3 Rc6 34. Rxc6 Bxc6 35. Qd6 Bf3 36. Rc1 Bxg4 37. f6 Bh5 0-1

[Event "Biel-C"]
[Site "Biel"]
[Date "1990.??.??"]
[Round "3"]
[White "Robert, Antonin"]
[Black "Streitberg, Petr"]
[Result "0-1"]
[WhiteElo "2225"]
[BlackElo "2285"]
[PlyCount "50"]
[EventDate "1990.07.??"]
[EventType "swiss"]
[EventRounds "11"]
[EventCountry "SUI"]
[SourceTitle "EXT 1997"]
[Source "ChessBase"]
[SourceDate "1996.11.15"]
[SourceVersion "1"]
[SourceVersionDate "1996.11.15"]
[SourceQuality "1"]

1. d4 d5 2. c4 e6 3. Nc3 Be7 4. Nf3 Nf6 5. cxd5 exd5 6. Bg5 Nbd7 7. e3 Nf8 8. Bd3 Ne6 9. Bh4 0-0 10. Qc2 g6 11. h3 c5 12. Rd1 cxd4 13. Nxd4 Nxd4 14. exd4 Nh5 15. Bxe7 Qxe7+ 16. Qe2 Qg5 17. Qe3 Nf4 18. Kd2 Bd7 19. h4 Qf6 20. Qe5 Qb6 21. Qxf4 Qxb2+ 22. Ke1 Qxc3+ 23. Kf1 Ba4 24. Bf5 Bxd1 25. Rh3 Qa1 0-1

[Event "Biel-C"]
[Site "Biel"]
[Date "1990.??.??"]
[Round "8"]
[White "Videki, Sandor"]
[Black "Robert, Antonin"]
[Result "1-0"]
[WhiteElo "2385"]
[BlackElo "2225"]
[PlyCount "73"]
[EventDate "1990.07.??"]
[EventType "swiss"]
[EventRounds "11"]
[EventCountry "SUI"]
[SourceTitle "EXT 1997"]
[Source "ChessBase"]
[SourceDate "1996.11.15"]
[SourceVersion "1"]
[SourceVersionDate "1996.11.15"]
[SourceQuality "1"]

1. c4 e6 2. Nc3 d5 3. d4 Nf6 4. cxd5 exd5 5. Bg5 Be7 6. e3 Nbd7 7. Nf3 0-0 8. Qc2 Re8 9. Bd3 c6 10. h3 Ne4 11. Bxe4 dxe4 12. Nxe4 Qa5+ 13. Kf1 Bf8 14. Nc3 b5 15. Kg1 Nb6 16. Bf4 b4 17. Ne2 Bf5 18. Qd1 h6 19. Kh2 Be4 20. Nd2 Nd5 21. Nxe4 Rxe4 22. Be5 f6 23. Ng3 Rxe3 24. fxe3 fxe5 25. Qb3 e4 26. Nxe4 Re8 27. Qd3 Qd8 28. Rhe1 Qh4 29. Nd2 Bd6+ 30. Kh1 Qg3 31. Nf1 Qh4 32. e4 Bf4 33. Qc4 Kh8 34. Qxc6 Nf6 35. e5 Re7 36. exf6 Rxe1 37. f7 1-0